La Cobertura de la violencia sexual en los medios de comunicación /

Salvato in:
Dettagli Bibliografici
Autore principale: Matlooff, Judith
Natura: testo
Soggetti:
Tags: Aggiungi Tag
Nessun Tag, puoi essere il primo ad aggiungerne!!

MARC

LEADER 00000 a a2200000 04500
001 9717
003
040
100 |a Matlooff, Judith  
245 |a La Cobertura de la violencia sexual en los medios de comunicación /  |c Judith Matlooff 
650 |a ABUSO SEXUAL  
650 |a CONFLICTO ARMADO  
650 |a PERIODISMO  
650 |a MEDIOS DE COMUNICACION  
773 |g número 27; páginas 31  
999 |c 35317  |d 35317